Score 0/16 Timer 01:30
0 Plays Today
% Correct
Afraid
95.9%
Smarter
94.6%
Where
94.2%
Dance
93.8%
Do
92.1%
Mad
91%
Love
90.2%
Celebrity
90.1%
% Correct
God
87.4%
Shoot
87.4%
Life
86.7%
Like
84.5%
Car
82.5%
Rescue
78.5%
Dead
77.4%
Lie
75.5%
Remove Ads.
Support Sporcle.
Get the best of Sporcle when you Go Orange. This ad-free experience offers more features, more stats, and more fun while also helping to support Sporcle. Thank you for becoming a member.

You're not logged in!

Compare scores with friends on all Sporcle quizzes.
OR
Log In

Show Comments

Extras

Top Quizzes Today


Score Distribution

Your Account Isn't Verified!

In order to create a playlist on Sporcle, you need to verify the email address you used during registration. Go to your Sporcle Settings to finish the process.

Report this User

Report this user for behavior that violates our Community Guidelines.

Details: